000 00599cam a2200217 4500
001 M46
008 090401t1991 xxu||||| |||| 00| 0 eng d
035 _a(Sirsi) u39536
041 _aeng
050 _a333.0062
090 _aRICS 1991/37ABC
110 _aRoyal Institution of Chartered Surveyors
_bJunior Organisation
_91458
245 _aRICS: fit for the 21st century.
260 _aLondon
_bRICS
_c1991
300 _a10p.; 30cm.
350 _a0
650 _aABOUT RICS-RICS MEMBERS
690 _aMANAGEMENT-BUSINESS MANAGEMENT-PROFESSIONAL PRACTICE
942 _n0
948 _c04/03/1997
999 _c90796
_d90796